[Event "Petersburg Summer 2016"]
[Site "St Petersburg"]
[Date "2016.08.21"]
[Round "5.46"]
[White "Kuizhev, Adam"]
[Black "Frolov, Lev"]
[Result "0-1"]
[WhiteElo "1700"]
[BlackElo "1967"]
[PlyCount "90"]
[EventDate "2016.08.17"]
[EventType "swiss"]
[EventCountry "RUS"]

1. e4 c6 2. d4 d5 3. Nc3 dxe4 4. Nxe4 Nd7 5. Ng5 Ngf6 6. Bc4 e6 7. Qe2 Nb6 8.
Bd3 Be7 9. N1f3 Qc7 10. O-O Nbd5 11. c3 Nf4 12. Bxf4 Qxf4 13. Qc2 g6 14. h3 Nd5
15. g3 Qf6 16. Ne4 Qxf3 17. Be2 Ne3 18. fxe3 Qxe3+ 19. Kg2 f5 20. Nf2 Bd6 21.
Qd3 Qg5 22. Rae1 Bd7 23. b4 O-O-O 24. a4 h5 25. h4 Qe7 26. Nh3 e5 27. dxe5 Bxe5
28. Qe3 Qd6 29. Ba6 Rde8 30. Bc4 Kb8 31. Rd1 Qc7 32. Rfe1 Re7 33. Qd3 f4 34.
Nxf4 Bf5 35. Qf3 Bg4 36. Qd3 Bxf4 37. Rxe7 Qxe7 38. gxf4 Bxd1 39. Qxd1 Qe4+ 40.
Kh2 Qxc4 41. Qd6+ Kc8 42. a5 Qxc3 43. b5 cxb5 44. a6 Qc2+ 45. Kh1 Qc6+ 0-1

[Event "Petersburg Summer 2016"]
[Site "St Petersburg"]
[Date "2016.08.21"]
[Round "5.47"]
[White "Afanasiev, Nikita A"]
[Black "Talyansky, Seth D"]
[Result "0-1"]
[WhiteElo "1716"]
[BlackElo "1963"]
[PlyCount "40"]
[EventDate "2016.08.17"]
[EventType "swiss"]
[EventCountry "RUS"]

1. e4 e5 2. Nf3 Nc6 3. d4 exd4 4. Bc4 Bc5 5. Ng5 Nh6 6. Nxf7 Bb4+ 7. c3 Nxf7 8.
Bxf7+ Kxf7 9. cxb4 Qe7 10. O-O Qxb4 11. Qh5+ g6 12. Qd5+ Kg7 13. f4 d6 14. f5
Rf8 15. g4 Ne7 16. f6+ Rxf6 17. Bh6+ Kxh6 18. g5+ Kh5 19. gxf6+ Nxd5 20. f7 Bh3
0-1

[Event "Petersburg Summer 2016"]
[Site "St Petersburg"]
[Date "2016.08.21"]
[Round "5.48"]
[White "Sakorenko, Adriana"]
[Black "Smirnov, Dmitrii"]
[Result "1-0"]
[WhiteElo "1942"]
[BlackElo "1569"]
[PlyCount "99"]
[EventDate "2016.08.17"]
[EventType "swiss"]
[EventCountry "RUS"]

1. e4 c5 2. Nf3 d6 3. c3 Nf6 4. Bd3 Nc6 5. Bc2 Bg4 6. d3 e6 7. Nbd2 Be7 8. h3
Bh5 9. Nf1 Ne5 10. Ng3 Nxf3+ 11. gxf3 e5 12. Ba4+ Kf8 13. Bg5 Bg6 14. f4 exf4
15. Bxf4 h5 16. Qd2 h4 17. Ne2 Bh5 18. O-O-O d5 19. exd5 Nxd5 20. Be3 Bf3 21.
Rhg1 Qa5 22. Bb3 b5 23. Rde1 Rd8 24. Kb1 c4 25. dxc4 Nf4 26. Bd4 Nxe2 27. Rxe2
Bxe2 28. Bxg7+ Ke8 29. Qxe2 Rg8 30. Re1 Rd7 31. Bf6 Qd8 32. Bxh4 Kf8 33. Bxe7+
Rxe7 34. Qxe7+ Qxe7 35. Rxe7 Kxe7 36. cxb5 Rh8 37. Bd5 Rxh3 38. a4 Rh4 39. c4
Rf4 40. f3 Kd6 41. Kc2 Kc5 42. Kc3 f6 43. a5 Rf5 44. b6 axb6 45. a6 b5 46. a7
b4+ 47. Kd3 Rxd5+ 48. cxd5 Kxd5 49. a8=Q+ Kc5 50. Qf8+ 1-0

[Event "Petersburg Summer 2016"]
[Site "St Petersburg"]
[Date "2016.08.21"]
[Round "5.49"]
[White "Efremov, Vladislav"]
[Black "Divaev, Vadim"]
[Result "0-1"]
[WhiteElo "1937"]
[BlackElo "1664"]
[PlyCount "80"]
[EventDate "2016.08.17"]
[EventType "swiss"]
[EventCountry "RUS"]

1. d4 Nf6 2. c4 e6 3. Nf3 d5 4. Bg5 Be7 5. e3 O-O 6. Nbd2 Nbd7 7. Qc2 c6 8. Bd3
h6 9. Bh4 dxc4 10. Nxc4 c5 11. O-O Nd5 12. Bxe7 Qxe7 13. a3 b6 14. Qd2 Bb7 15.
Rfe1 Rfd8 16. e4 Nc7 17. Qf4 Nf6 18. e5 Nfe8 19. Be4 Nd5 20. Qd2 cxd4 21. Nxd4
Qd7 22. Rad1 Rac8 23. Ne3 Nxe3 24. Bxb7 Nxd1 25. Bxc8 Qxd4 26. Qxd4 Rxd4 27. b4
Nc3 28. f3 Rd1 29. Kf2 Rxe1 30. Kxe1 Nc7 31. Kd2 N3d5 32. g3 Nb5 33. a4 Nd4 34.
a5 Nxf3+ 35. Kd3 Nxe5+ 36. Kd4 Nc6+ 37. Kc4 Ncxb4 38. axb6 axb6 39. Bb7 f5 40.
Bxd5 Nxd5 0-1

[Event "Petersburg Summer 2016"]
[Site "St Petersburg"]
[Date "2016.08.21"]
[Round "5.50"]
[White "Dubrovskiy, Vladimir"]
[Black "Gatalov, Dmitriy"]
[Result "1/2-1/2"]
[WhiteElo "1647"]
[BlackElo "1919"]
[PlyCount "108"]
[EventDate "2016.08.17"]
[EventType "swiss"]
[EventCountry "RUS"]

1. Nf3 Nf6 2. c4 c5 3. b3 g6 4. Bb2 Bg7 5. g3 O-O 6. Bg2 Nc6 7. O-O d6 8. d4
Ne4 9. Nbd2 Nxd2 10. Qxd2 cxd4 11. Nxd4 Qb6 12. Nb5 Bxb2 13. Qxb2 a6 14. Nc3
Be6 15. Rfd1 Ne5 16. Qd2 Ng4 17. Qd4 Qxd4 18. Rxd4 Rab8 19. Rc1 Rfc8 20. Bd5
Nf6 21. Bxe6 fxe6 22. Ne4 d5 23. Nxf6+ exf6 24. Rdd1 dxc4 25. Rd6 cxb3 26.
Rxc8+ Rxc8 27. axb3 Re8 28. Rd7 Rb8 29. Rd6 b6 30. Rxe6 Kf7 31. Rc6 Rb7 32. e4
Ke7 33. f4 a5 34. Kf2 Kf7 35. Ke3 h5 36. h4 b5 37. Ra6 Rc7 38. Kd4 Rd7+ 39. Kc5
Rd3 40. Rxa5 Rxb3 41. Rxb5 Rxg3 42. Rb7+ Kg8 43. e5 fxe5 44. fxe5 Re3 45. Kd6
g5 46. hxg5 h4 47. Ke6 h3 48. g6 Rg3 49. Kf6 Rf3+ 50. Kg5 h2 51. Rh7 Rf2 52.
Kg4 Rg2+ 53. Kf3 Rxg6 54. Rxh2 Kf7 1/2-1/2

[Event "Petersburg Summer 2016"]
[Site "St Petersburg"]
[Date "2016.08.21"]
[Round "5.52"]
[White "Israyelyan, Eduard"]
[Black "Karpenko, Aleksey"]
[Result "1-0"]
[WhiteElo "1808"]
[BlackElo "1641"]
[PlyCount "57"]
[EventDate "2016.08.17"]
[EventType "swiss"]
[EventCountry "RUS"]

1. e4 e5 2. Nf3 Nc6 3. Bc4 Nf6 4. d3 Be7 5. O-O d6 6. h3 Be6 7. Nbd2 Qd7 8. c3
h6 9. Re1 O-O-O 10. b4 Rdg8 11. Bxe6 fxe6 12. b5 Nd8 13. Qa4 Kb8 14. Nc4 g5 15.
Be3 b6 16. Rab1 Nb7 17. Nfxe5 dxe5 18. Nxe5 Qe8 19. Nc6+ Kc8 20. Nxa7+ Kd7 21.
Qd4+ Bd6 22. Qxf6 Nc5 23. Qd4 g4 24. hxg4 Rxg4 25. f3 Rxg2+ 26. Kxg2 Rg8+ 27.
Kf2 Qh5 28. Rh1 Qg6 29. Rbg1 1-0

[Event "Petersburg Summer 2016"]
[Site "St Petersburg"]
[Date "2016.08.21"]
[Round "5.53"]
[White "Srinidhi, S."]
[Black "Lyazhkov, Sergey"]
[Result "0-1"]
[WhiteElo "1667"]
[BlackElo "1799"]
[PlyCount "68"]
[EventDate "2016.08.17"]
[EventType "swiss"]
[EventCountry "RUS"]

1. e4 c6 2. d4 d5 3. exd5 cxd5 4. c4 Nf6 5. Nc3 Nc6 6. Nf3 Bg4 7. cxd5 Nxd5 8.
Be2 e6 9. a3 Be7 10. Ne5 Bxe2 11. Nxe2 O-O 12. O-O Bf6 13. f4 Rc8 14. Rf3 Bxe5
15. fxe5 Qb6 16. Kh1 a5 17. Rg3 Nde7 18. Rb3 Qa7 19. Rh3 Nf5 20. Be3 Rfd8 21.
Qg1 Nxe3 22. Qxe3 Nxd4 23. Ng3 Nc6 24. Qe4 h6 25. Re1 Qd4 26. Qe2 Qxe5 27. Ne4
f5 28. Nc3 Qxe2 29. Rxe2 e5 30. Rhe3 Nd4 31. Rf2 e4 32. h3 g6 33. g4 Nf3 34.
gxf5 Rxc3 0-1

[Event "Petersburg Summer 2016"]
[Site "St Petersburg"]
[Date "2016.08.21"]
[Round "5.54"]
[White "Delevic, Nina"]
[Black "Bobolev, Stanislav"]
[Result "0-1"]
[WhiteElo "1776"]
[BlackElo "1604"]
[PlyCount "62"]
[EventDate "2016.08.17"]
[EventType "swiss"]
[EventCountry "RUS"]

1. d4 Nf6 2. Nf3 g6 3. g3 Bg7 4. Bg2 O-O 5. O-O d6 6. c3 Nbd7 7. Bg5 h6 8. Bf4
Nd5 9. Bd2 N5f6 10. Qc1 Kh7 11. Nh4 e5 12. dxe5 Nxe5 13. f4 Nc4 14. Be1 Qe7 15.
b3 Ne3 16. Rf3 Nxg2 17. Nxg2 Qxe2 18. Re3 Qb5 19. Na3 Qc6 20. Nc4 Bh3 21. Qc2
Nd5 22. Re2 Rae8 23. Nge3 Nxe3 24. Nxe3 Qf3 25. Bf2 Bxc3 26. Rd1 Bd4 27. Qd3
Re4 28. Rde1 Rfe8 29. Qc4 Kg8 30. Qd3 Bxe3 31. Bxe3 Rxe3 0-1

[Event "Petersburg Summer 2016"]
[Site "St Petersburg"]
[Date "2016.08.21"]
[Round "5.55"]
[White "Bezobrazov, Lev"]
[Black "Glazov, Anatoly"]
[Result "0-1"]
[WhiteElo "1528"]
[BlackElo "1766"]
[PlyCount "78"]
[EventDate "2016.08.17"]
[EventType "swiss"]
[EventCountry "RUS"]

1. Nf3 d5 2. c4 e6 3. g3 c6 4. b3 Nf6 5. Bg2 Ne4 6. Bb2 Qb6 7. Bd4 c5 8. Be3
Be7 9. d3 Bf6 10. d4 Nc6 11. cxd5 cxd4 12. Nxd4 Qb4+ 13. Kf1 Nxd4 14. a3 Qxb3
15. Qxb3 Nxb3 16. Ra2 exd5 17. Rc2 Bd7 18. Bf3 Bh3+ 19. Ke1 Rc8 20. Rxc8+ Bxc8
21. Bxa7 Bf5 22. e3 d4 23. exd4 Nxd4 24. Bg2 Ke7 25. f3 Nxg3 26. hxg3 Bxb1 27.
Kf2 Bf5 28. g4 Be6 29. g5 Be5 30. f4 Nb5 31. Be3 Bd4 32. Bxd4 Nxd4 33. Bxb7 Rb8
34. Be4 Rb2+ 35. Ke3 Nf5+ 36. Bxf5 Bxf5 37. Ra1 Rb5 38. Kd4 Ra5 39. Re1+ Kd6
0-1

[Event "Petersburg Summer 2016"]
[Site "St Petersburg"]
[Date "2016.08.21"]
[Round "5.59"]
[White "Zakharov, Yuri"]
[Black "Zvereva, Svetlana"]
[Result "1/2-1/2"]
[WhiteElo "1703"]
[BlackElo "1579"]
[PlyCount "90"]
[EventDate "2016.08.17"]
[EventType "swiss"]
[EventCountry "RUS"]

1. Nf3 d5 2. g3 c6 3. Bg2 Nf6 4. d4 Bg4 5. h3 Bxf3 6. exf3 Nbd7 7. O-O e6 8. b3
Bd6 9. Bb2 O-O 10. Nd2 e5 11. c4 exd4 12. cxd5 c5 13. Ne4 Qc7 14. Rc1 Qb8 15.
Nxf6+ Nxf6 16. f4 Qd8 17. Qd2 b6 18. Rfe1 Rb8 19. Qd3 Qd7 20. Re2 Rfe8 21. Rce1
Rxe2 22. Rxe2 Re8 23. Bc1 Rxe2 24. Qxe2 h6 25. Bd2 Qf5 26. Be1 Qd7 27. Qd3 Qe7
28. Bd2 Qc7 29. Bf3 Qb8 30. a4 Qc7 31. Kg2 Qd7 32. g4 Bf8 33. Qc4 Qe7 34. Qd3
Qd6 35. g5 hxg5 36. fxg5 Nxd5 37. Qf5 Ne7 38. Qe4 Qg6 39. h4 Qxe4 40. Bxe4 g6
41. Bf4 Nc8 42. Bd2 Bd6 43. f4 Ne7 44. Kf3 a5 45. Kg4 Kg7 1/2-1/2

[Event "Petersburg Summer 2016"]
[Site "St Petersburg"]
[Date "2016.08.21"]
[Round "5.61"]
[White "Turetsky, Mark"]
[Black "Radosevic, Nevena"]
[Result "1/2-1/2"]
[WhiteElo "1622"]
[BlackElo "1589"]
[PlyCount "91"]
[EventDate "2016.08.17"]
[EventType "swiss"]
[EventCountry "RUS"]

1. c4 Nf6 2. Nc3 e6 3. Nf3 d5 4. d4 Be7 5. Bg5 h6 6. Bh4 O-O 7. e3 Nbd7 8. cxd5
exd5 9. Be2 c6 10. Qc2 Re8 11. O-O Nf8 12. h3 Ng6 13. Bg3 Bd6 14. Bxd6 Qxd6 15.
Bd3 Nf8 16. Rfe1 Be6 17. a3 a5 18. Na4 N8d7 19. Rac1 Rac8 20. Nc5 Qc7 21. Nxe6
Rxe6 22. Bf5 Re7 23. Ne5 Rce8 24. Nxd7 Nxd7 25. Qb3 Nf6 26. Rc2 g6 27. Bd3 Rc8
28. Rec1 Qd8 29. Qc3 Kg7 30. Qd2 Re6 31. Rc3 Qb6 32. Rc5 Ra8 33. a4 Nd7 34.
R5c3 Rc8 35. Qc2 Nf6 36. Rb3 Qc7 37. Qc5 Rd6 38. Qa7 Rb8 39. Rc5 Nd7 40. Rxa5
Qc8 41. e4 b6 42. e5 Re6 43. Ra6 Rb7 44. Qa8 Rb8 45. Qa7 Rb7 46. Qa8 1/2-1/2

[Event "Petersburg Summer 2016"]
[Site "St Petersburg"]
[Date "2016.08.21"]
[Round "5.62"]
[White "Corrente, Roberto"]
[Black "Mestnikov, Aidin"]
[Result "0-1"]
[WhiteElo "1242"]
[BlackElo "1649"]
[PlyCount "84"]
[EventDate "2016.08.17"]
[EventType "swiss"]
[EventCountry "RUS"]

1. e4 c5 2. Nc3 d6 3. f4 Nc6 4. Nf3 Nf6 5. h3 e6 6. d3 a6 7. a4 b6 8. Be3 Bb7
9. Qd2 Be7 10. Qf2 d5 11. exd5 exd5 12. Bd2 d4 13. Ne2 Qd7 14. g3 Nd5 15. Bg2
O-O-O 16. Ne5 Nxe5 17. fxe5 Qe6 18. O-O-O Bc6 19. Nf4 Nxf4 20. Bxf4 g5 21. Bd2
Qa2 22. Be1 Qxa4 23. Qf5+ Rd7 24. Bxc6 Qxc6 25. Rh2 Bd8 26. Bd2 h6 27. b3 a5
28. Kb2 b5 29. Ra1 a4 30. Be1 Re8 31. Rf2 Bc7 32. Qg4 Re6 33. Bd2 Bxe5 34. Raf1
c4 35. Bb4 c3+ 36. Kb1 axb3 37. cxb3 Bf6 38. Qh5 Qd5 39. Kc2 Ra7 40. Rxf6 Ra2+
41. Kd1 Qxb3+ 42. Kc1 Ra1# 0-1

[Event "Petersburg Summer 2016"]
[Site "St Petersburg"]
[Date "2016.08.21"]
[Round "5.63"]
[White "Kapitsa, Artem"]
[Black "Biyachuev, Minkail"]
[Result "0-1"]
[WhiteElo "1402"]
[BlackElo "1400"]
[PlyCount "130"]
[EventDate "2016.08.17"]
[EventType "swiss"]
[EventCountry "RUS"]

1. d4 Nf6 2. c4 d6 3. Nc3 Nc6 4. Nf3 Bf5 5. Bf4 e6 6. e3 Nb4 7. Rc1 Qd7 8. a3
Nc6 9. Bd3 Bg4 10. Be2 Nh5 11. Bg3 Nxg3 12. hxg3 O-O-O 13. Bd3 h5 14. Qc2 Bf5
15. Bxf5 exf5 16. Nh4 g6 17. Nf3 Bg7 18. Qa4 Rhe8 19. d5 Nb8 20. Qxa7 Bxc3+ 21.
Rxc3 c5 22. Rb3 Qc7 23. Ng5 Rd7 24. Ke2 Kd8 25. Rb5 Na6 26. Rc1 Ke7 27. Rc3 Qb8
28. Qb6 Nc7 29. Ra5 Na8 30. Qb5 Qd8 31. Rb3 b6 32. Ra6 Nc7 33. Qxb6 Nxa6 34.
Qxa6 Qa8 35. Qb5 Ra7 36. Qb6 Rd8 37. Rb5 Rdd7 38. Qb8 Qxb8 39. Rxb8 Rab7 40.
Ra8 Rxb2+ 41. Kf3 Rc2 42. Ra4 Rc3 43. Ke2 Rc2+ 44. Kf3 Rb2 45. Ra5 Rbb7 46. e4
f6 47. Nh3 fxe4+ 48. Kxe4 f5+ 49. Kf4 Ra7 50. Rb5 Rxa3 51. Kg5 Ra2 52. Kxg6 Rc2
53. Kxf5 Rxc4 54. Rb2 Kf8 55. Nf4 h4 56. gxh4 Rf7+ 57. Ke6 Rfxf4 58. Kxd6 Rxh4
59. Rb8+ Kf7 60. Rb7+ Kf6 61. Kc6 Rb4 62. Rc7 c4 63. d6 Rb1 64. d7 Rd4 65. Rc8
Rbd1 0-1